[Event "Czech Open GM 2019"]
[Site "Pardubice"]
[Date "2019.07.23"]
[Round "5.39"]
[White "Kosakowski, Jakub"]
[Black "Milikow, Yoav"]
[Result "1/2-1/2"]
[WhiteElo "2394"]
[BlackElo "2186"]
[Annotator "NA"]
[PlyCount "117"]
[EventDate "2019.07.19"]
[EventType "swiss"]
[EventCountry "CZE"]
[SourceTitle "playchess.com"]
[Source "ChessBase"]
[SourceQuality "1"]

1. d4 Nf6 2. c4 g6 3. g3 c6 4. Bg2 d5 5. cxd5 cxd5 6. Nf3 Bg7 7. O-O O-O 8. Nc3 Ne4 9. Qb3 Nc6 10. Rd1 Na5 11. Qb4 Nc6 12. Qb3 Na5 13. Qb4 Nc6 14. Qa3 Bg4 15. Bf4 Rc8 16. Rac1 Nxc3 17. bxc3 Qa5 18. Qb2 b6 19. Ne1 Rfd8 20. Nd3 f6 21. c4 Nxd4 22. Qxd4 dxc4 23. Qe3 cxd3 24. Rxc8 Rxc8 25. Qxd3 Be6 26. a3 Kf7 27. h4 f5 28. Bb7 Rc4 29. Qd8 Qc5 30. Qa8 b5 31. h5 Rxf4 32. gxf4 Bd4 33. Bf3 Bxf2+ 34. Kh1 Qc3 35. Kg2 Bd4 36. hxg6+ hxg6 37. Bd5 Qe3 38. Bxe6+ Qxe6 39. Qf3 Be3 40. Kg3 Bc5 41. Rd5 Bxa3 42. Re5 Qa2 43. Rxb5 Bd6 44. e4 Qc4 45. Qb3 Qxb3+ 46. Rxb3 fxe4 47. Re3 g5 48. Rxe4 gxf4+ 49. Kg4 e5 50. Kf5 f3 51. Re3 f2 52. Rf3 Bc5 53. Kxe5+ Ke7 54. Kd5 Bb6 55. Rf5 Be3 56. Rf3 Bb6 57. Rf5 Be3 58. Rf3 Bb6 59. Rf5 1/2-1/2

[Event "Czech Open GM 2019"]
[Site "Pardubice"]
[Date "2019.07.23"]
[Round "5.39"]
[White "Zhukenov, Aituar"]
[Black "Nguyen, Alex Dac-Vuong"]
[Result "1/2-1/2"]
[WhiteElo "2164"]
[BlackElo "2267"]
[Annotator "NA"]
[PlyCount "68"]
[EventDate "2019.07.19"]
[EventType "swiss"]
[EventCountry "CZE"]
[SourceTitle "playchess.com"]
[Source "ChessBase"]
[SourceQuality "1"]

1. e4 c5 2. Nf3 e6 3. d4 cxd4 4. Nxd4 a6 5. Nc3 Qc7 6. Bd3 Nf6 7. O-O d6 8. Qe2 Nbd7 9. Kh1 g6 10. f4 Bg7 11. f5 Ne5 12. Bf4 exf5 13. exf5 O-O 14. Bg5 Qb6 15. fxg6 fxg6 16. Bxf6 Bxf6 17. Nd5 Qxd4 18. Nxf6+ Kg7 19. Nh5+ gxh5 20. Rxf8 Kxf8 21. Qxh5 Nxd3 22. Rf1+ Nf2+ 23. Kg1 Kg8 24. Qe8+ Kg7 25. Rxf2 b5 26. Qf7+ Kh6 27. c3 Qe3 28. Qf6+ Kh5 29. Qf7+ Kh6 30. Qf8+ Kg6 31. Qxd6+ Be6 32. Qe7 Ra7 33. Qf6+ Kh5 34. h3 Rd7 1/2-1/2

[Event "Czech Open GM 2019"]
[Site "Pardubice"]
[Date "2019.07.23"]
[Round "5.40"]
[White "Bronstein, Or"]
[Black "Moksh Amit Doshi"]
[Result "0-1"]
[WhiteElo "2378"]
[BlackElo "2229"]
[Annotator "TA"]
[PlyCount "100"]
[EventDate "2019.07.19"]
[EventType "swiss"]
[EventCountry "CZE"]
[SourceTitle "playchess.com"]
[Source "ChessBase"]
[SourceQuality "1"]

1. e4 c5 2. Nf3 d6 3. d4 cxd4 4. Nxd4 Nf6 5. Nc3 a6 6. Bd3 g6 7. f3 Qb6 8. a3 Nc6 9. Be3 Qc7 10. Qd2 Bg7 11. O-O-O Bd7 12. g4 b5 13. g5 Nh5 14. Nd5 Qb7 15. Be2 Ne5 16. Qa5 Rc8 17. Qb6 Qxb6 18. Nxb6 Rc7 19. Nxd7 Kxd7 20. b3 Rhc8 21. f4 Nc6 22. Bxh5 gxh5 23. Nf5 Bh8 24. Bb6 Rb7 25. Bf2 Na5 26. Kb1 b4 27. a4 Rc3 28. Bd4 Bxd4 29. Nxd4 Rbc7 30. e5 d5 31. e6+ Ke8 32. exf7+ Kxf7 33. Rhe1 Nc6 34. Nf5 Rd7 35. Nh6+ Kf8 36. Re6 d4 37. Rd3 Rxd3 38. cxd3 Rd6 39. Rxd6 exd6 40. Nf5 Kf7 41. h4 Kg6 42. Nxd6 Ne7 43. Kc2 Nf5 44. Nc8 Nxh4 45. Ne7+ Kf7 46. Nc6 Ng2 47. Nxb4 h4 48. Nc6 h3 49. Ne5+ Ke6 50. Nf3 Kf5 0-1

[Event "Czech Open GM 2019"]
[Site "Pardubice"]
[Date "2019.07.23"]
[Round "5.40"]
[White "Gazik, Igor"]
[Black "Radovic, Stefan"]
[Result "1/2-1/2"]
[WhiteElo "2258"]
[BlackElo "2013"]
[Annotator "NA"]
[PlyCount "87"]
[EventDate "2019.07.19"]
[EventType "swiss"]
[EventCountry "CZE"]
[SourceTitle "playchess.com"]
[Source "ChessBase"]
[SourceQuality "1"]

1. e4 c5 2. Nc3 Nc6 3. g3 g6 4. Bg2 Bg7 5. d3 e6 6. Be3 d6 7. Qd2 Rb8 8. Nf3 Nf6 9. h3 O-O 10. O-O e5 11. Nh4 Be6 12. f4 exf4 13. Bxf4 Nh5 14. Nf3 Nxf4 15. gxf4 f5 16. Ng5 Qd7 17. Nxe6 Qxe6 18. a3 Kh8 19. Rab1 Nd4 20. Nd5 Qd7 21. b4 b5 22. c3 Nc6 23. bxc5 dxc5 24. e5 g5 25. d4 gxf4 26. Qxf4 a5 27. Rfe1 Nd8 28. Rbd1 Ne6 29. Qh4 cxd4 30. cxd4 b4 31. axb4 axb4 32. Qe7 Rfd8 33. Qh4 Rf8 34. Ne7 Rfd8 35. Nxf5 b3 36. Nd6 b2 37. Be4 h6 38. Kh1 Rf8 39. Rf1 Ng5 40. Bb1 Rb3 41. Rxf8+ Bxf8 42. Kg2 Rxh3 43. Qf4 Rf3 44. Qh4 1/2-1/2

[Event "Czech Open GM 2019"]
[Site "Pardubice"]
[Date "2019.07.23"]
[Round "5.41"]
[White "Shailesh, Dravid"]
[Black "Solc, Filip"]
[Result "1-0"]
[WhiteElo "2254"]
[BlackElo "1987"]
[Annotator "ChessBase"]
[PlyCount "171"]
[EventDate "2019.07.19"]
[EventType "swiss"]
[EventCountry "CZE"]
[SourceTitle "playchess.com"]
[Source "ChessBase"]
[SourceQuality "1"]

1. e4 c5 2. Nf3 d6 3. d4 cxd4 4. Nxd4 Nf6 5. Nc3 a6 6. Bg5 e6 7. f4 Qb6 8. Nb3 Qe3+ 9. Qe2 Qxe2+ 10. Bxe2 Nbd7 11. Bf3 h6 12. Bh4 Rg8 13. Bg3 g5 14. O-O-O g4 15. Be2 Nh5 16. f5 Nxg3 17. hxg3 Ne5 18. Nd4 Be7 19. Kb1 Bg5 20. Na4 Bd7 21. Nb6 Rd8 22. Bc4 Nxc4 23. Nxc4 Ke7 24. Rhe1 Bf6 25. fxe6 fxe6 26. Nxd6 Kxd6 27. e5+ Bxe5 28. Nf3+ Kc7 29. Nxe5 Bc6 30. Rxd8 Rxd8 31. Nxg4 Rg8 32. Nxh6 Rg6 33. Nf7 Be8 34. Ne5 Rxg3 35. Re2 Bh5 36. Rf2 Re3 37. Nd3 Bg6 38. Kc1 Bxd3 39. Kd2 Rg3 40. cxd3 Kd6 41. Kc3 e5 42. Re2 Kd5 43. Kc2 Kd4 44. a4 a5 45. Rd2 b6 46. Re2 Kd5 47. Kc3 Rg4 48. b3 Rg3 49. Kd2 Kd4 50. Kc2 Kd5 51. Kc3 Rg4 52. Rf2 Rg6 53. Kd2 Kd4 54. Re2 Rg3 55. Kc2 Kd5 56. Kc3 Rg4 57. Rb2 Rg3 58. b4 e4 59. bxa5 Rxd3+ 60. Kc2 bxa5 61. Rb5+ Kd4 62. g4 Rg3 63. g5 Rg2+ 64. Kd1 Kd3 65. Rd5+ Ke3 66. Rxa5 Rg1+ 67. Kc2 Ke2 68. Rf5 e3 69. a5 Rf1 70. Rf6 Ke1 71. a6 e2 72. a7 Rxf6 73. gxf6 Kf2 74. f7 e1=Q 75. f8=Q+ Kg3 76. a8=Q Qe2+ 77. Kc3 Qe1+ 78. Kd4 Qd2+ 79. Ke5 Qc3+ 80. Ke6 Qc4+ 81. Qd5 Qg4+ 82. Qdf5 Qc4+ 83. Kf6 Qc6+ 84. Kg7 Qc7+ 85. Q8f7 Qc3+ 86. Q5f6 1-0

[Event "Czech Open GM 2019"]
[Site "Pardubice"]
[Date "2019.07.23"]
[Round "5.41"]
[White "Dovzhenko, Viktor"]
[Black "Martin, Julian"]
[Result "0-1"]
[WhiteElo "2100"]
[BlackElo "2363"]
[Annotator "NA"]
[PlyCount "84"]
[EventDate "2019.07.19"]
[EventType "swiss"]
[EventCountry "CZE"]
[SourceTitle "playchess.com"]
[Source "ChessBase"]
[SourceQuality "1"]

1. d4 Nf6 2. Bf4 c5 3. e3 Nd5 4. Bg3 Qb6 5. Nc3 Nxc3 6. bxc3 e6 7. dxc5 Qxc5 8. Qd2 Be7 9. Bd3 b6 10. Ne2 Bb7 11. O-O O-O 12. Rfb1 e5 13. e4 d6 14. a4 f5 15. Rb5 Qc7 16. f3 fxe4 17. Bxe4 Bxe4 18. fxe4 Nc6 19. Bf2 Na5 20. h4 Rf7 21. h5 Raf8 22. Rf1 Nc4 23. Qd3 Bg5 24. Rbb1 Nd2 25. Rbd1 Nxf1 26. Rxf1 Bh4 27. g3 Bg5 28. Kg2 Qd7 29. Ng1 Qxa4 30. Nh3 Be7 31. h6 Rc8 32. hxg7 Qc4 33. Ra1 Qxd3 34. cxd3 Rxc3 35. Rxa7 Rxd3 36. Bxb6 Rxg7 37. Bf2 Rb3 38. Ra8+ Kf7 39. Ra7 Ke6 40. Ra2 Bh4 41. Ng1 Bxg3 42. Ne2 Bh4+ 0-1

[Event "Czech Open GM 2019"]
[Site "Pardubice"]
[Date "2019.07.23"]
[Round "5.42"]
[White "Mladek, Richard"]
[Black "Kataev, Aleksandr"]
[Result "1-0"]
[WhiteElo "2253"]
[BlackElo "1913"]
[Annotator "NA"]
[PlyCount "79"]
[EventDate "2019.07.19"]
[EventType "swiss"]
[EventCountry "CZE"]
[SourceTitle "playchess.com"]
[Source "ChessBase"]
[SourceQuality "1"]

1. e4 c5 2. Nf3 Nc6 3. d4 cxd4 4. Nxd4 e5 5. Nb5 d6 6. N1c3 a6 7. Na3 Nf6 8. Bg5 Be7 9. Bxf6 Bxf6 10. Nc4 Nd4 11. Nd5 b5 12. Nce3 Bg5 13. c3 Ne6 14. g3 O-O 15. Bg2 Rb8 16. Nf5 Nc5 17. h4 Bxf5 18. exf5 Bh6 19. O-O f6 20. b4 Na4 21. Qb3 Kh8 22. Rfd1 Nb6 23. Nxb6 Qxb6 24. Rd3 Qc7 25. Rad1 Rfd8 26. Be4 Rb6 27. a4 bxa4 28. Qxa4 Qc4 29. Qa5 Qb5 30. Rd5 Qxa5 31. bxa5 Rc6 32. R5d3 Rc5 33. Rxd6 Rxd6 34. Rxd6 Kg8 35. Rxa6 Bd2 36. Ra8+ Kf7 37. a6 Bxc3 38. a7 Ra5 39. Bd5+ Ke7 40. Rg8 1-0

[Event "Czech Open GM 2019"]
[Site "Pardubice"]
[Date "2019.07.23"]
[Round "5.42"]
[White "Stinka, Jakub"]
[Black "Iliaguev, Nisim"]
[Result "1/2-1/2"]
[WhiteElo "2135"]
[BlackElo "2357"]
[Annotator "NA"]
[PlyCount "86"]
[EventDate "2019.07.19"]
[EventType "swiss"]
[EventCountry "CZE"]
[SourceTitle "playchess.com"]
[Source "ChessBase"]
[SourceQuality "1"]

1. d4 Nf6 2. c4 e6 3. Nc3 Bb4 4. Qc2 d5 5. cxd5 Qxd5 6. Nf3 Qf5 7. Qxf5 exf5 8. a3 Ba5 9. b4 Bb6 10. Bf4 O-O 11. e3 Be6 12. Bd3 h6 13. h3 Nbd7 14. O-O c6 15. Rfc1 Rac8 16. Rab1 Rfe8 17. Bh2 g6 18. Rc2 Bd5 19. Nd2 Bd8 20. Nxd5 Nxd5 21. Nc4 Be7 22. Na5 Rb8 23. Bxb8 Rxb8 24. Bc4 N5f6 25. Rd1 Ne4 26. d5 c5 27. Bb5 Ndf6 28. f3 Nd6 29. Be2 cxb4 30. axb4 Kg7 31. b5 Bd8 32. Nc4 Nxb5 33. d6 Rc8 34. Rcc1 a6 35. d7 Rc5 36. Nb2 Nc3 37. Kf1 Nxd1 38. Rxc5 Nxb2 39. Rc8 Nxd7 40. Rxd8 Nc5 41. Rc8 Ne6 42. Rb8 Nc5 43. Rc8 Ne6 1/2-1/2

[Event "Czech Open GM 2019"]
[Site "Pardubice"]
[Date "2019.07.23"]
[Round "5.43"]
[White "Parkhov, Yair"]
[Black "Rakshitta Ravi"]
[Result "1-0"]
[WhiteElo "2354"]
[BlackElo "2112"]
[Annotator "NA"]
[PlyCount "75"]
[EventDate "2019.07.19"]
[EventType "swiss"]
[EventCountry "CZE"]
[SourceTitle "playchess.com"]
[Source "ChessBase"]
[SourceQuality "1"]

1. d4 Nf6 2. c4 g6 3. Nc3 Bg7 4. e4 d6 5. Be2 O-O 6. Be3 e5 7. d5 a5 8. g4 Na6 9. h4 Nc5 10. f3 h5 11. g5 Nh7 12. Qd2 Bd7 13. Nh3 a4 14. Nf2 Qb8 15. Kf1 f6 16. Rb1 fxg5 17. hxg5 Qd8 18. b4 axb3 19. axb3 Rf4 20. b4 Na6 21. Nd3 Rf7 22. Ra1 Qf8 23. Kg2 Rd8 24. c5 Bc8 25. c6 bxc6 26. dxc6 Qe8 27. Nd5 Qxc6 28. b5 Qxb5 29. Nxe5 Qe8 30. Nxf7 Qxf7 31. Bxa6 Bxa1 32. Rxa1 Be6 33. Be2 c6 34. Ra7 Rd7 35. Ra8+ Nf8 36. Nf6+ Kg7 37. Nxd7 Bxd7 38. Qxd6 1-0

[Event "Czech Open GM 2019"]
[Site "Pardubice"]
[Date "2019.07.23"]
[Round "5.43"]
[White "Vakulenko, Oleksandr"]
[Black "Smid, Miroslav"]
[Result "0-1"]
[WhiteElo "2138"]
[BlackElo "2251"]
[Annotator "NA"]
[PlyCount "86"]
[EventDate "2019.07.19"]
[EventType "swiss"]
[EventCountry "CZE"]
[SourceTitle "playchess.com"]
[Source "ChessBase"]
[SourceQuality "1"]

1. d4 d5 2. c4 e6 3. Nc3 Nf6 4. cxd5 exd5 5. Bg5 Be7 6. e3 c6 7. Bd3 O-O 8. Qc2 Nbd7 9. Nge2 Re8 10. O-O Nf8 11. Rab1 Nh5 12. Bxe7 Qxe7 13. b4 a6 14. Na4 Qg5 15. Nc1 g6 16. Nb6 Rb8 17. a4 Bg4 18. Kh1 Nd7 19. Nxd7 Bxd7 20. b5 axb5 21. axb5 f5 22. bxc6 bxc6 23. Be2 Rxb1 24. Qxb1 Nf6 25. Nd3 Ne4 26. Qb7 Re7 27. Ne5 Be8 28. Qa8 Qf6 29. f4 Kg7 30. Rb1 Qh4 31. Bf3 Nd2 32. g3 Qf6 33. Rb8 Qe6 34. Be2 Nc4 35. Bxc4 dxc4 36. Kg1 c3 37. Qa3 c2 38. Qc1 c5 39. dxc5 Ba4 40. Rb4 Qd5 41. Rd4 Qb3 42. Nd3 Bb5 43. Nb4 Qb1 0-1

[Event "Czech Open GM 2019"]
[Site "Pardubice"]
[Date "2019.07.23"]
[Round "5.44"]
[White "Seger, Ruediger"]
[Black "Shpanko, Nadiia"]
[Result "1/2-1/2"]
[WhiteElo "2350"]
[BlackElo "2132"]
[Annotator "NA"]
[PlyCount "112"]
[EventDate "2019.07.19"]
[EventType "swiss"]
[EventCountry "CZE"]
[SourceTitle "playchess.com"]
[Source "ChessBase"]
[SourceQuality "1"]

1. e4 c5 2. c3 Nf6 3. e5 Nd5 4. d4 cxd4 5. Nf3 Nc6 6. cxd4 d6 7. Bc4 dxe5 8. Nxe5 e6 9. O-O Be7 10. Qf3 O-O 11. Nxc6 bxc6 12. Nc3 Qb6 13. Rd1 Nxc3 14. bxc3 Ba6 15. Bb3 c5 16. d5 c4 17. Bc2 exd5 18. Be3 Qc6 19. Qxd5 Qxd5 20. Rxd5 Bf6 21. Bd4 Bxd4 22. Rxd4 Rfd8 23. Rad1 Rxd4 24. Rxd4 Kf8 25. Be4 Rb8 26. Rd7 Re8 27. f3 f5 28. Bxf5 Bc8 29. Rd5 Bxf5 30. Rxf5+ Kg8 31. Kf2 Rd8 32. Ra5 Rd3 33. Rxa7 Rxc3 34. g4 Rc2+ 35. Kg3 c3 36. h4 Rb2 37. a4 Rb4 38. Rc7 Rxa4 39. Rxc3 h6 40. h5 Kf7 41. f4 Rb4 42. Kf3 Ra4 43. Rd3 Ke6 44. Ke3 Rb4 45. Ra3 Kf6 46. Ra6+ Kf7 47. Rd6 Rb7 48. Ke4 Re7+ 49. Kf5 Ra7 50. Rd5 Rb7 51. Rc5 Ra7 52. g5 hxg5 53. fxg5 g6+ 54. hxg6+ Kg7 55. Rc6 Ra5+ 56. Kg4 Ra1 1/2-1/2

[Event "Czech Open GM 2019"]
[Site "Pardubice"]
[Date "2019.07.23"]
[Round "5.44"]
[White "Gloser, David"]
[Black "Suta, Andraz"]
[Result "0-1"]
[WhiteElo "2123"]
[BlackElo "2251"]
[Annotator "NA"]
[PlyCount "80"]
[EventDate "2019.07.19"]
[EventType "swiss"]
[EventCountry "CZE"]
[SourceTitle "playchess.com"]
[Source "ChessBase"]
[SourceQuality "1"]

1. Nf3 Nf6 2. d4 d5 3. e3 e6 4. Bd3 c5 5. c3 Bd6 6. Nbd2 Nbd7 7. O-O Qc7 8. Re1 O-O 9. e4 dxe4 10. Nxe4 Nxe4 11. Rxe4 Be7 12. Ne5 cxd4 13. cxd4 Nxe5 14. dxe5 Rd8 15. Qe2 Bd7 16. Rg4 Bc6 17. Bg5 Bxg5 18. Rxg5 Rd4 19. Re1 Rad8 20. Rg3 Qa5 21. Rf1 Qd5 22. Bc2 Rd2 23. Qg4 g6 24. Bb3 Qxe5 25. Re3 Qxb2 26. Qh4 Qd4 27. Qh6 Bb5 28. Rfe1 a5 29. h4 a4 30. Bxe6 fxe6 31. h5 Qg7 32. Qg5 R2d5 33. Qg4 Bd7 34. hxg6 hxg6 35. Qb4 Rf8 36. Qxb7 Rdf5 37. f3 Qd4 38. Kf2 Rb5 39. Qc7 Rc8 40. Qg3 Kg7 0-1

[Event "Czech Open GM 2019"]
[Site "Pardubice"]
[Date "2019.07.23"]
[Round "5.45"]
[White "Ter-Saakian, Grigorii"]
[Black "Gagare, Shalmali"]
[Result "0-1"]
[WhiteElo "2338"]
[BlackElo "2058"]
[Annotator "NA"]
[PlyCount "116"]
[EventDate "2019.07.19"]
[EventType "swiss"]
[EventCountry "CZE"]
[SourceTitle "playchess.com"]
[Source "ChessBase"]
[SourceQuality "1"]

1. e4 e5 2. Nf3 Nc6 3. Bb5 a6 4. Ba4 Nf6 5. O-O Be7 6. d3 b5 7. Bb3 d6 8. a3 O-O 9. Nc3 Rb8 10. Nd5 Nxd5 11. Bxd5 Bb7 12. c3 Na7 13. Bxb7 Rxb7 14. d4 exd4 15. cxd4 c5 16. d5 Bf6 17. Qc2 Nc8 18. Bf4 Nb6 19. Rad1 Nc4 20. Bc1 Ne5 21. Ne1 Re8 22. f4 Nd7 23. Nf3 b4 24. Rfe1 bxa3 25. bxa3 Qb6 26. Qc4 Qb5 27. Nd2 Nb6 28. Qxb5 axb5 29. Nf3 Nc4 30. Re2 Rbe7 31. e5 dxe5 32. d6 Rd7 33. Rde1 e4 34. Rxe4 Rxe4 35. Rxe4 Nxd6 36. Re1 Kf8 37. Be3 Ne4 38. Kf1 Bc3 39. Rb1 b4 40. axb4 cxb4 41. Ke2 Ke7 42. Rb3 f6 43. g4 Ke6 44. Rb1 Rd5 45. f5+ Kd6 46. h4 Kc6 47. Bc1 Kb5 48. Ke3 Nd6 49. Ke2 Ne4 50. Ke3 Nc5 51. Bb2 Rd3+ 52. Ke2 Kc4 53. Bxc3 bxc3 54. Ne1 Rd2+ 55. Ke3 Nb3 56. g5 Rh2 57. gxf6 gxf6 58. Nf3 c2 0-1

[Event "Czech Open GM 2019"]
[Site "Pardubice"]
[Date "2019.07.23"]
[Round "5.46"]
[White "Kim, Jinsoo"]
[Black "Dobrovoljc, Vid"]
[Result "0-1"]
[WhiteElo "2087"]
[BlackElo "2334"]
[Annotator "TA"]
[PlyCount "120"]
[EventDate "2019.07.19"]
[EventType "swiss"]
[EventCountry "CZE"]
[SourceTitle "playchess.com"]
[Source "ChessBase"]
[SourceQuality "1"]

1. e4 c5 2. Nf3 d6 3. d4 cxd4 4. Nxd4 Nf6 5. Nc3 Nc6 6. Bg5 e6 7. Qd2 a6 8. O-O-O Be7 9. f3 Nxd4 10. Qxd4 b5 11. h4 h5 12. Kb1 Qc7 13. Qd2 Bd7 14. Ne2 a5 15. Nd4 Rb8 16. Bd3 b4 17. Rhe1 a4 18. f4 e5 19. fxe5 dxe5 20. Bxf6 Bxf6 21. Nf5 O-O 22. Ne3 Be6 23. Qe2 a3 24. Bc4 Bxc4 25. Qxc4 Qxc4 26. Nxc4 axb2 27. g3 Rfc8 28. Ne3 Be7 29. Kxb2 Bc5 30. Nd5 Rb7 31. Rd3 Bd4+ 32. Kb3 Bc3 33. Red1 Kh7 34. Ne3 Ra7 35. Nc4 Bd4 36. Nd6 Ra3+ 37. Kxb4 Bc5+ 38. Kb5 Bxd6 39. Rxd6 Rxa2 40. R1d3 Raxc2 41. Rd8 Rb2+ 42. Ka5 Rxd8 43. Rxd8 Re2 44. Kb5 Rxe4 45. Rd3 Kg6 46. Kc5 Rd4 47. Rf3 f6 48. Ra3 Rd7 49. Rf3 e4 50. Rf4 f5 51. Rf1 Rd3 52. Rg1 Kf6 53. Kc4 Ke5 54. Rg2 Rd8 55. Ra2 e3 56. Ra7 Ke4 57. Rxg7 Rc8+ 58. Kb3 e2 59. Re7+ Kf3 60. Re5 Rc1 0-1

[Event "Czech Open GM 2019"]
[Site "Pardubice"]
[Date "2019.07.23"]
[Round "5.47"]
[White "Ludvik, Tomas"]
[Black "Bartos, Karel"]
[Result "1-0"]
[WhiteElo "2334"]
[BlackElo "1901"]
[Annotator "NA"]
[PlyCount "43"]
[EventDate "2019.07.19"]
[EventType "swiss"]
[EventCountry "CZE"]
[SourceTitle "playchess.com"]
[Source "ChessBase"]
[SourceQuality "1"]

1. d4 Nf6 2. c4 e6 3. Nf3 b6 4. g3 Bb7 5. Bg2 Be7 6. O-O d5 7. Ne5 O-O 8. Nc3 Nbd7 9. Bf4 c5 10. Rc1 Rc8 11. e3 Re8 12. Qa4 a6 13. Rfd1 Nxe5 14. dxe5 Bc6 15. Qb3 Nd7 16. cxd5 exd5 17. Nxd5 g5 18. e6 fxe6 19. Bc7 Rxc7 20. Nxc7 Qxc7 21. Qxe6+ Kh8 22. Bxc6 1-0

[Event "Czech Open GM 2019"]
[Site "Pardubice"]
[Date "2019.07.23"]
[Round "5.48"]
[White "Kulon, Klaudia"]
[Black "Beukes, Dante M"]
[Result "1-0"]
[WhiteElo "2331"]
[BlackElo "2016"]
[Annotator "NA"]
[PlyCount "69"]
[EventDate "2019.07.19"]
[EventType "swiss"]
[EventCountry "CZE"]
[SourceTitle "playchess.com"]
[Source "ChessBase"]
[SourceQuality "1"]

1. e4 c5 2. b3 d6 3. Bb2 Nf6 4. Nc3 e5 5. Bc4 Nc6 6. d3 Be7 7. Nge2 Be6 8. f4 Nd4 9. O-O O-O 10. a4 Bg4 11. h3 Be6 12. Nxd4 cxd4 13. Ne2 Bxc4 14. bxc4 Nd7 15. a5 Rc8 16. c3 Rc5 17. cxd4 Rxa5 18. Nc3 Nf6 19. Qb3 Qb6 20. Qxb6 axb6 21. fxe5 dxe5 22. dxe5 Bc5+ 23. Kh2 Nd7 24. Nd5 Rfa8 25. Rab1 Ra2 26. Kh1 h6 27. Bc3 Bf2 28. Ne7+ Kf8 29. Nf5 Rc2 30. Ra1 Ra6 31. Bd4 Bxd4 32. Nxd4 Rxa1 33. Rxa1 Rd2 34. Ra8+ Ke7 35. Nf5+ 1-0

[Event "Czech Open GM 2019"]
[Site "Pardubice"]
[Date "2019.07.23"]
[Round "5.49"]
[White "Burian, Simon"]
[Black "Dixit, Nikhil"]
[Result "0-1"]
[WhiteElo "2049"]
[BlackElo "2318"]
[Annotator "NA"]
[PlyCount "100"]
[EventDate "2019.07.19"]
[EventType "swiss"]
[EventCountry "CZE"]
[SourceTitle "playchess.com"]
[Source "ChessBase"]
[SourceQuality "1"]

1. e4 g6 2. d4 Bg7 3. Nc3 c6 4. f4 d5 5. e5 Nh6 6. Nf3 f6 7. Bd3 O-O 8. h3 fxe5 9. dxe5 c5 10. g4 Nc6 11. O-O Nf7 12. Bb5 e6 13. Bxc6 bxc6 14. Qe2 a5 15. Rd1 Ba6 16. Qf2 Bxe5 17. Nxe5 Nxe5 18. Re1 Nf7 19. Kg2 Qd6 20. b3 d4 21. Ne4 Qd5 22. Kg1 Nd6 23. Ng5 h6 24. Nxe6 Ne4 25. Qg2 Qxe6 26. Rxe4 Qd5 27. Re5 Qxg2+ 28. Kxg2 c4 29. Re6 Kf7 30. Rd6 Rfd8 31. Rxd8 Rxd8 32. bxc4 Bxc4 33. Bd2 Rb8 34. Bxa5 Rb2 35. Kg3 Rxc2 36. Rd1 c5 37. Rd2 Rc1 38. Bb6 Bd5 39. a4 Rc3+ 40. Kf2 Ke6 41. a5 Kd6 42. Ke1 Rxh3 43. Rc2 Rh1+ 44. Kd2 Bf3 45. Rc1 Rxc1 46. Kxc1 Bxg4 47. Kd2 Bc8 48. Kd3 Kd5 49. Bd8 Ba6+ 50. Kd2 c4 0-1

[Event "Czech Open GM 2019"]
[Site "Pardubice"]
[Date "2019.07.23"]
[Round "5.50"]
[White "Kim, Andrey"]
[Black "Goriatchkin, Jouri"]
[Result "1/2-1/2"]
[WhiteElo "2048"]
[BlackElo "2316"]
[Annotator "TA"]
[PlyCount "136"]
[EventDate "2019.07.19"]
[EventType "swiss"]
[EventCountry "CZE"]
[SourceTitle "playchess.com"]
[Source "ChessBase"]
[SourceQuality "1"]

1. c4 c6 2. d4 d5 3. Nc3 Nf6 4. Nf3 e6 5. e3 Nbd7 6. Qc2 Bd6 7. Bd3 O-O 8. O-O dxc4 9. Bxc4 b5 10. Bd3 Bb7 11. Rd1 Qc7 12. h3 a6 13. e4 e5 14. Bg5 Rfe8 15. a3 exd4 16. Nxd4 c5 17. Nf5 Be5 18. Nd5 Nxd5 19. exd5 Bf6 20. Bxf6 Nxf6 21. d6 Qc6 22. Bf1 Qb6 23. Rac1 c4 24. Qc3 Be4 25. Ne7+ Kf8 26. b3 cxb3 27. Qxb3 Rad8 28. Qb4 Rd7 29. a4 Rb8 30. axb5 axb5 31. Rc5 Qd8 32. Rxb5 Ra8 33. f3 Bc2 34. Rd2 Ba4 35. Rb7 Rxb7 36. Qxb7 Rb8 37. Qc7 Ne8 38. Qc5 Qd7 39. Nf5 Rb1 40. Kf2 g6 41. Qd4 f6 42. Ng3 Bc6 43. Re2 Qd8 44. Re7 Qb6 45. Qxb6 Rxb6 46. Rxh7 Nxd6 47. Bd3 Rb2+ 48. Ne2 Be8 49. Ra7 Bf7 50. Rd7 Rb6 51. Kg3 Be6 52. Rc7 Bf5 53. Bxf5 Nxf5+ 54. Kf2 Rb2 55. Rc4 Ng3 56. Kxg3 Rxe2 57. Rc7 Kg8 58. h4 Rb2 59. h5 gxh5 60. Rc5 Kg7 61. Rxh5 Kg6 62. Ra5 Rc2 63. Kh3 Rf2 64. Ra3 Rc2 65. g3 Rc6 66. Ra5 Rc3 67. Kg4 Rc4+ 68. f4 Rb4 1/2-1/2

[Event "Czech Open GM 2019"]
[Site "Pardubice"]
[Date "2019.07.23"]
[Round "5.51"]
[White "Polgar-Shutzman, Tom"]
[Black "Dvoirys, Semen I."]
[Result "1-0"]
[WhiteElo "2241"]
[BlackElo "2505"]
[Annotator "ChessBase"]
[PlyCount "85"]
[EventDate "2019.07.19"]
[EventType "swiss"]
[EventCountry "CZE"]
[SourceTitle "playchess.com"]
[Source "ChessBase"]
[SourceQuality "1"]

1. e4 c5 2. Nf3 Nc6 3. Bb5 g6 4. O-O Bg7 5. Re1 Nf6 6. e5 Nd5 7. Nc3 Nc7 8. Bxc6 dxc6 9. Ne4 Ne6 10. d3 O-O 11. Be3 b6 12. Qd2 a5 13. Bh6 f5 14. exf6 exf6 15. Bxg7 Kxg7 16. Re3 Ra7 17. Rae1 Nd4 18. Nxd4 cxd4 19. R3e2 Rd7 20. Qf4 c5 21. h4 Bb7 22. h5 g5 23. h6+ Kg6 24. Qh2 Bxe4 25. Rxe4 Qc7 26. f4 gxf4 27. Rxf4 Kf7 28. Qg3 Rg8 29. Rxf6+ Kxf6 30. Rf1+ Ke6 31. Qxg8+ Rf7 32. Qe8+ Re7 33. Re1+ Kf6 34. Qf8+ Rf7 35. Qg8 Re7 36. Rf1+ Ke5 37. Qg5+ Kd6 38. Rf6+ Kd7 39. Qf5+ Kd8 40. Rf8+ Re8 41. Qd5+ Qd7 42. Rxe8+ Kxe8 43. Qg8+ 1-0

[Event "Czech Open GM 2019"]
[Site "Pardubice"]
[Date "2019.07.23"]
[Round "5.52"]
[White "Gavrilescu, David"]
[Black "Kosiorek, Marek"]
[Result "1-0"]
[WhiteElo "2473"]
[BlackElo "2238"]
[Annotator "ChessBase"]
[PlyCount "89"]
[EventDate "2019.07.19"]
[EventType "swiss"]
[EventCountry "CZE"]
[SourceTitle "playchess.com"]
[Source "ChessBase"]
[SourceQuality "1"]

1. e4 c5 2. Nf3 Nc6 3. Bb5 g6 4. O-O Bg7 5. Nc3 e5 6. a3 Nge7 7. b4 d6 8. bxc5 dxc5 9. d3 O-O 10. Bc4 h6 11. a4 Kh7 12. h3 Rb8 13. Rb1 b6 14. Nd5 Bb7 15. Bd2 Nd4 16. Nxd4 Nxd5 17. Nb5 Nf4 18. Kh2 f5 19. g3 fxe4 20. dxe4 Nh5 21. Nc3 Qd7 22. Be3 Qe8 23. a5 Rd8 24. Bd5 Nf6 25. Qe2 Bxd5 26. exd5 Nxd5 27. Nxd5 Rxd5 28. axb6 axb6 29. Rxb6 e4 30. Rb7 Qc8 31. Rfb1 Rh5 32. h4 Rf3 33. Ra7 Rxh4+ 34. gxh4 Qh3+ 35. Kg1 Qg4+ 36. Kf1 Qh3+ 37. Ke1 Qh1+ 38. Qf1 Qxh4 39. Kd1 Qh5 40. Kc1 Rh3 41. Rxg7+ Kxg7 42. Rb7+ Kh8 43. Qa6 Rh1+ 44. Kb2 Qe5+ 45. c3 1-0

[Event "Czech Open GM 2019"]
[Site "Pardubice"]
[Date "2019.07.24"]
[Round "6.1"]
[White "Laznicka, Viktor"]
[Black "Movsesian, Sergei"]
[Result "1/2-1/2"]
[WhiteElo "2658"]
[BlackElo "2649"]
[Annotator "TA"]
[PlyCount "53"]
[EventDate "2019.07.19"]
[EventType "swiss"]
[EventCountry "CZE"]
[SourceTitle "playchess.com"]
[Source "ChessBase"]
[SourceQuality "1"]

1. Nf3 Nf6 2. g3 d5 3. Bg2 c6 4. O-O h6 5. d3 Bf5 6. c4 dxc4 7. dxc4 Qxd1 8. Rxd1 Bc2 9. Rd2 Bh7 10. b4 e6 11. Rb2 g5 12. Be3 Bg7 13. Bd4 O-O 14. Nbd2 g4 15. Ne1 Rd8 16. Nb3 Nbd7 17. Na5 Nb6 18. Be5 Rd7 19. c5 Na4 20. Rb3 Ne4 21. Bxg7 Kxg7 22. Rd3 Rc7 23. Rc1 b6 24. Nb3 Rb8 25. f3 gxf3 26. exf3 Nf6 27. Rd2 1/2-1/2